000 01665cam a22004814i 4500
003 PE-LiUPU
005 20250731173519.0
008 150616s r 000 0 d
020 _a0892837144
035 _a(Sirsi) i9780892837144
040 _aPE-LiUPU
_bspa
_cPE-LiUPU
_erda
049 _aPRUA
082 0 4 _a248.843
_bS47
_221
100 1 _aSherrer, Quin,
_eautor.
245 1 2 _aA woman's guide to spiritual warfare :
_bA woman's guide for battle /
_cQuin Sherrer.
264 1 _aAnn Arbor, Míchigan :
_bServant Publications,
_c1991.
300 _a236 páginas ;
_c19 centímetros
336 _atext
_2rdacontent
337 _aunmediated
_2rdamedia
338 _avolume
_2rdacarrier
504 _aBibliografía: páginas 225-232.
505 0 _aBut I never wanted to be in a bettle!.- What our spiritual wardrobe should look like.- An open door to the enemy.
526 _aSEG42
526 _aSEG41
526 _aSEG40
526 _aSEG39
526 _aP94
526 _aP87
526 _aP86
526 _aP85
526 _aP77
526 _aP76
526 _aP35
650 0 4 _aMujeres
_xVida cristiana
_vGuías.
700 1 _aGarlock, Rurhanne.
910 _ajck
_bjvq
_cjck
942 _2ddc
_cBOOK
949 _a248.843 S47
_wDEWEY
_c1
_i41830
_lCCODEBUL1
_mBUL
_r0
_sY
_tBOOK
_u2015-6-16
_xTEOLOGIA
_zUNKNOWN
_0COMPRA
_o.STAFF. Colección General
994 _aC0
_bPEPRU
596 _a1
999 _a248.843 S47
_wDEWEY
_c59494
_i41830
_f2021-11-12
_g5
_lCCODEBUL1
_mBUL
_r0
_sY
_tBOOK
_u2015-6-16
_xTEOLOGIA
_zUNKNOWN
_0COMPRA
_o.STAFF. Colección General
_d59494
980 _81
_gALBERTO SANCHEZ Responsable de Automatización